ធរណីវិទ្យា (Record no. 10338)
[ view plain ]
| 000 -LEADER | |
|---|---|
| fixed length control field | 00278nam a22001097a 4500 |
| 040 ## - CATALOGING SOURCE | |
| Transcribing agency | SK |
| 082 ## - DEWEY DECIMAL CLASSIFICATION NUMBER | |
| Classification number | 590 |
| 100 ## - MAIN ENTRY--AUTHOR NAME | |
| Personal name | ត្រាន ថាន់កាញ់ |
| 245 ## - TITLE STATEMENT | |
| Title | ធរណីវិទ្យា |
| 260 ## - PUBLICATION, DISTRIBUTION, ETC. (IMPRINT) | |
| Place of publication | កសិកម្ម |
| Name of publisher | ត្រាន |
| Year of publication | 1992 |
| 942 ## - ADDED ENTRY ELEMENTS (KOHA) | |
| Koha item type | សៀវភៅភាសាខ្មែរ |
| 952 ## - LOCATION AND ITEM INFORMATION (KOHA) | |
| Withdrawn status [LOCAL, KOHA] | 0 |
| Permanent Location | Date acquired | Koha item type | Lost status | Shelving location | Barcode | Current Location | Full call number |
|---|---|---|---|---|---|---|---|
| Library Block C | 2016-10-17 | សៀវភៅភាសាខ្មែរ | C253 | RUA042613 | Library Block C | 590 ត្រាន 1992 C253 |